MARC details
| 000 -LEADER |
| fixed length control field |
02945cam a2200817 4500 |
| 001 - CONTROL NUMBER |
| control field |
443977 |
| 003 - CONTROL NUMBER IDENTIFIER |
| control field |
ItRFAO |
| 005 - DATE AND TIME OF LATEST TRANSACTION |
| control field |
20200421093824.0 |
| 008 - FIXED-LENGTH DATA ELEMENTS--GENERAL INFORMATION |
| fixed length control field |
100721t2009 xxu||||| ||| 00| 0 d |
| 020 ## - INTERNATIONAL STANDARD BOOK NUMBER |
| International Standard Book Number |
978-92-5-405730-5 |
| 040 ## - CATALOGING SOURCE |
| Original cataloging agency |
ItRFAO |
| Modifying agency |
ItRFAO |
| 041 0# - LANGUAGE CODE |
| Language code of text/sound track or separate title |
rus |
| 084 ## - OTHER CLASSIFICATION NUMBER |
| Classification number |
614 F7351(Ru) |
| -- |
111617 |
| 084 ## - OTHER CLASSIFICATION NUMBER |
| Classification number |
614 F7351(Ru) |
| -- |
111617 |
| 110 ## - MAIN ENTRY--CORPORATE NAME |
| Corporate name or jurisdiction name as entry element |
FAO, Rome (Italy). Nutrition and Consumer Protection Div. |
| Language of a work |
eng |
| 9 (RLIN) |
1290 |
| 242 00 - TRANSLATION OF TITLE BY CATALOGING AGENCY |
| Title |
Strengthening national food control systems. A quick guide to assess capacity building needs |
| 245 00 - TITLE STATEMENT |
| Title |
Укрепление государственных систем контроля качества продовольствия Краткий справочник по проведению оценки потребностей укрепления потенциала |
| 260 ## - PUBLICATION, DISTRIBUTION, ETC. |
| Place of publication, distribution, etc. |
Rim (Italy) |
| Name of publisher, distributor, etc. |
FAO |
| Date of publication, distribution, etc. |
2009 |
| 300 ## - PHYSICAL DESCRIPTION |
| Extent |
52 p. |
| 336 ## - CONTENT TYPE |
| Source |
ItRFAO |
| Content type term |
Monograph |
| 336 ## - CONTENT TYPE |
| Source |
ItRFAO |
| Content type term |
Handbook |
| 338 ## - CARRIER TYPE |
| Source |
ItRFAO |
| Carrier type term |
Books |
| 546 ## - LANGUAGE NOTE |
| Language note |
Russian |
| 500 ## - GENERAL NOTE |
| General note |
Printed and electronic ed. |
| 650 17 - SUBJECT ADDED ENTRY--TOPICAL TERM |
| Source of heading or term |
agrovoc |
| Topical term or geographic name entry element |
FOOD SAFETY |
| 9 (RLIN) |
1291 |
| 650 17 - SUBJECT ADDED ENTRY--TOPICAL TERM |
| Source of heading or term |
agrovoc |
| Topical term or geographic name entry element |
QUALITY CONTROLS |
| 9 (RLIN) |
1292 |
| 650 17 - SUBJECT ADDED ENTRY--TOPICAL TERM |
| Source of heading or term |
agrovoc |
| Topical term or geographic name entry element |
FOOD INSPECTION |
| 9 (RLIN) |
1293 |
| 650 17 - SUBJECT ADDED ENTRY--TOPICAL TERM |
| Source of heading or term |
agrovoc |
| Topical term or geographic name entry element |
CAPACITY BUILDING |
| 9 (RLIN) |
1294 |
| 650 17 - SUBJECT ADDED ENTRY--TOPICAL TERM |
| Source of heading or term |
agrovoc |
| Topical term or geographic name entry element |
LEGISLATION |
| 650 27 - SUBJECT ADDED ENTRY--TOPICAL TERM |
| Source of heading or term |
agrovoc |
| Topical term or geographic name entry element |
FAO |
| 650 27 - SUBJECT ADDED ENTRY--TOPICAL TERM |
| Source of heading or term |
agrovoc |
| Topical term or geographic name entry element |
FOODS |
| 9 (RLIN) |
1297 |
| 650 27 - SUBJECT ADDED ENTRY--TOPICAL TERM |
| Source of heading or term |
agrovoc |
| Topical term or geographic name entry element |
QUALITY |
| 650 27 - SUBJECT ADDED ENTRY--TOPICAL TERM |
| Source of heading or term |
agrovoc |
| Topical term or geographic name entry element |
CONSUMER PROTECTION |
| 9 (RLIN) |
1299 |
| 650 27 - SUBJECT ADDED ENTRY--TOPICAL TERM |
| Source of heading or term |
agrovoc |
| Topical term or geographic name entry element |
STAKEHOLDERS |
| 650 27 - SUBJECT ADDED ENTRY--TOPICAL TERM |
| Source of heading or term |
agrovocf |
| Topical term or geographic name entry element |
FAO |
| 650 27 - SUBJECT ADDED ENTRY--TOPICAL TERM |
| Source of heading or term |
agrovocf |
| Topical term or geographic name entry element |
PRODUIT ALIMENTAIRE |
| 9 (RLIN) |
1302 |
| 650 27 - SUBJECT ADDED ENTRY--TOPICAL TERM |
| Source of heading or term |
agrovocf |
| Topical term or geographic name entry element |
QUALITE |
| 9 (RLIN) |
1303 |
| 650 27 - SUBJECT ADDED ENTRY--TOPICAL TERM |
| Source of heading or term |
agrovocf |
| Topical term or geographic name entry element |
PROTECTION DU CONSOMMATEUR |
| 9 (RLIN) |
1304 |
| 650 27 - SUBJECT ADDED ENTRY--TOPICAL TERM |
| Source of heading or term |
agrovocf |
| Topical term or geographic name entry element |
PARTIE INTERESSEE |
| 650 17 - SUBJECT ADDED ENTRY--TOPICAL TERM |
| Source of heading or term |
agrovocf |
| Topical term or geographic name entry element |
INNOCUITE DES PRODUITS ALIMENTAIRES |
| 9 (RLIN) |
1306 |
| 650 17 - SUBJECT ADDED ENTRY--TOPICAL TERM |
| Source of heading or term |
agrovocf |
| Topical term or geographic name entry element |
CONTROLE DE QUALITE |
| 9 (RLIN) |
1307 |
| 650 17 - SUBJECT ADDED ENTRY--TOPICAL TERM |
| Source of heading or term |
agrovocf |
| Topical term or geographic name entry element |
INSPECTION DES ALIMENTS |
| 9 (RLIN) |
1308 |
| 650 17 - SUBJECT ADDED ENTRY--TOPICAL TERM |
| Source of heading or term |
agrovocf |
| Topical term or geographic name entry element |
DEVELOPPEMENT DES CAPACITES |
| 9 (RLIN) |
1309 |
| 650 17 - SUBJECT ADDED ENTRY--TOPICAL TERM |
| Source of heading or term |
agrovocf |
| Topical term or geographic name entry element |
LEGISLATION |
| 650 27 - SUBJECT ADDED ENTRY--TOPICAL TERM |
| Source of heading or term |
agrovocs |
| Topical term or geographic name entry element |
FAO |
| 650 27 - SUBJECT ADDED ENTRY--TOPICAL TERM |
| Source of heading or term |
agrovocs |
| Topical term or geographic name entry element |
ALIMENTOS |
| 9 (RLIN) |
1312 |
| 650 27 - SUBJECT ADDED ENTRY--TOPICAL TERM |
| Source of heading or term |
agrovocs |
| Topical term or geographic name entry element |
CALIDAD |
| 9 (RLIN) |
1313 |
| 650 27 - SUBJECT ADDED ENTRY--TOPICAL TERM |
| Source of heading or term |
agrovocs |
| Topical term or geographic name entry element |
PROTECCION DEL CONSUMIDOR |
| 9 (RLIN) |
1314 |
| 650 27 - SUBJECT ADDED ENTRY--TOPICAL TERM |
| Source of heading or term |
agrovocs |
| Topical term or geographic name entry element |
AGENTES INTERESADOS |
| 650 17 - SUBJECT ADDED ENTRY--TOPICAL TERM |
| Source of heading or term |
agrovocs |
| Topical term or geographic name entry element |
INOCUIDAD ALIMENTARIA |
| 9 (RLIN) |
1316 |
| 650 17 - SUBJECT ADDED ENTRY--TOPICAL TERM |
| Source of heading or term |
agrovocs |
| Topical term or geographic name entry element |
CONTROL DE CALIDAD |
| 9 (RLIN) |
1317 |
| 650 17 - SUBJECT ADDED ENTRY--TOPICAL TERM |
| Source of heading or term |
agrovocs |
| Topical term or geographic name entry element |
INSPECCION DE LOS ALIMENTOS |
| 9 (RLIN) |
1318 |
| 650 17 - SUBJECT ADDED ENTRY--TOPICAL TERM |
| Source of heading or term |
agrovocs |
| Topical term or geographic name entry element |
CREACION DE CAPACIDAD |
| 9 (RLIN) |
1319 |
| 650 17 - SUBJECT ADDED ENTRY--TOPICAL TERM |
| Source of heading or term |
agrovocs |
| Topical term or geographic name entry element |
LEGISLACION |
| 690 #7 - LOCAL SUBJECT ADDED ENTRY--TOPICAL TERM (OCLC, RLIN) |
| Source of heading or term |
agrissce |
| Topical term or geographic name as entry element |
Q03-Food contamination and toxicology |
| 690 #7 - LOCAL SUBJECT ADDED ENTRY--TOPICAL TERM (OCLC, RLIN) |
| Source of heading or term |
agrissce |
| Topical term or geographic name as entry element |
D50-Legislation |
| 690 #7 - LOCAL SUBJECT ADDED ENTRY--TOPICAL TERM (OCLC, RLIN) |
| Source of heading or term |
agrissce |
| Topical term or geographic name as entry element |
C10-Education |
| 692 ## - |
| -- |
FOOD |
| 692 ## - |
| -- |
NU |
| 775 ## - OTHER EDITION ENTRY |
| Language code |
eng |
| Other item identifier |
434969 |
| 775 ## - OTHER EDITION ENTRY |
| Language code |
fre |
| Other item identifier |
434971 |
| 775 ## - OTHER EDITION ENTRY |
| Language code |
spa |
| Other item identifier |
434973 |
| 856 ## - ELECTRONIC LOCATION AND ACCESS |
| Uniform Resource Identifier |
<a href="http://www.fao.org/docrep/012/a1142r/a1142r00.pdf">http://www.fao.org/docrep/012/a1142r/a1142r00.pdf</a> |
| 917 ## - |
| -- |
AGN |
| 919 ## - |
| -- |
AGRIS |
| -- |
FAO document |
| -- |
Library material |
| 942 ## - ADDED ENTRY ELEMENTS (KOHA) |
| Suppress in OPAC |
No |
| Koha item type |
Mixed Materials |